Movies Quiz

Random Movies or Nominee Quiz
Score 0/20 Timer 10:00
0 Plays Today
% Correct
Natalie Portman
Jackie
92.9%
Ryan Gosling
La La Land
91.1%
Jeff Bridges
Hell or High Water
90.7%
Emma Stone
La La Land
88.1%
Lucas Hedges
Manchester by the Sea
87.7%
Meryl Streep
Florence Foster Jenkins
85.3%
Casey Affleck
Manchester by the Sea
84.1%
Dev Patel
Lion
80.5%
Denzel Washington
Fences
80%
Nicole Kidman
Lion
79.9%
% Correct
Octavia Spencer
Hidden Figures
79.8%
Viggo Mortensen
Captain Fantastic
78%
Andrew Garfield
Hacksaw Ridge
77.9%
Mahershala Ali
Moonlight
77.4%
Michael Shannon
Nocturnal Animals
73.7%
Isabelle Huppert
Elle
72.5%
Michelle Williams
Manchester by the Sea
70.4%
Ruth Negga
Loving
66.2%
Naomie Harris
Moonlight
62.3%
Viola Davis
Fences
56%
Remove Ads.
Support Sporcle.
Get the best of Sporcle when you Go Orange. This ad-free experience offers more features, more stats, and more fun while also helping to support Sporcle. Thank you for becoming a member.

You're not logged in!

Compare scores with friends on all Sporcle quizzes.
OR
Log In

Show Comments

Extras

Top Quizzes Today


Score Distribution

Your Account Isn't Verified!

In order to create a playlist on Sporcle, you need to verify the email address you used during registration. Go to your Sporcle Settings to finish the process.

Report this User

Report this user for behavior that violates our Community Guidelines.

Details: